00459 2200193 4500245004100000020001800041250001100059100001800070700001900088700001000107650001700117005001900134260003100153041001400184084001300198300003400211336000900245338001100254 aLove All Vol. 1cSakou, WatarihText a9786022106760 aCet. 1 aSakou, Watari aFebby Ismiyati aAlice aKomik Jepang a20230203135356 aJakartabPT Gramediac2012 aIndonesia a741.5592 a... jil. :bilus. ;c17,5 cm. atext avolume